| 000 | 00793nac a22002537a 4500 | ||
|---|---|---|---|
| 001 | BR8705619 | ||
| 003 | BR-BrBNA | ||
| 005 | 20240105120551.0 | ||
| 008 | 230509b bl.|||m| |||| 00| 0 por d | ||
| 040 |
_aBR-BrBNA _bpor _cBiblioteca Nacional de Agricultura |
||
| 072 | _aH20 | ||
| 090 | _a1540 BR8705619 | ||
| 100 | 1 | _aSantos, Z.G. dos | |
| 100 | 1 | _aTupinamba, E.A. | |
| 110 | 1 |
_aCentro Nacional de Pesquisa de Coco, Aracaju, SE (Brasil) _91760 |
|
| 245 | 1 | _aClorose das folhas da mandioca | |
| 260 | 3 |
_aAracaju, SE (Brasil): _c1986. |
|
| 300 | _a6 p. | ||
| 490 |
_aComunicado Tecnico - Centro Nacional de Pesquisa de Coco (Brazil) _vno. 12 _xISSN 0100-4867 |
||
| 650 | _aMANDIOCA | ||
| 650 | _aCLOROSE | ||
| 909 |
_a202312 _bLúcia Elande _c55 _dLúcia Elande |
||
| 942 |
_2AGRIS _n0 _cMS |
||
| 999 |
_c280200 _d280200 |
||